History Quiz

Random History or Decade Quiz

100 Most Populous World Cities 1950 Quiz Stats

 Plays Quiz Updated Nov 12, 2018

Challenge
Share
Tweet
Embed
Score 0/100 Timer 15:00
2 Plays Today
Population City % Correct
13,220,000New York
98.7%
8,280,000London
94.7%
5,150,000Los Angeles
94%
6,800,000Paris
93.2%
13,710,000Tokyo
90.1%
5,560,000Chicago
86.7%
4,630,000Peking
86.2%
3,300,000Berlin
85.9%
5,750,000Moscow
85.4%
2,140,000Rome
83.8%
3,800,000Mexico City
81%
2,020,000Madrid
79.8%
2,680,000Boston
75.2%
2,020,000San Francisco
74.9%
3,030,000Cairo
71.7%
3,590,000Rio de Janeiro
71.1%
1,120,000Dallas
70.9%
1,910,000Sydney
70.8%
3,510,000Philadelphia
68.5%
1,540,000Washington, D.C.
67.8%
3,140,000Leningrad
67.5%
6,300,000Shanghai
66.2%
3,140,000Detroit
64.5%
2,100,000Barcelona
64%
1,360,000Toronto
63.9%
3,430,000Bombay
62.9%
2,120,000Hong Kong
62.2%
1,560,000Athens
61.7%
930,000Seattle
60.3%
5,800,000Buenos Aires
59%
1,250,000Istanbul
57.3%
940,000Warsaw
57%
1,400,000Lisbon
57%
940,000Munich
56%
Population City % Correct
1,780,000Delhi
54.6%
1,650,000Montreal
54.1%
1,550,000Seoul
53.4%
2,090,000Vienna
53.2%
2,420,000Manchester
52.6%
2,100,000Milan
52.1%
1,540,000St. Louis
48.8%
1,570,000Melbourne
47.9%
1,670,000Pittsburgh
47.4%
970,000Prague
47.4%
3,040,000Sao Paulo
46.5%
1,020,000Johannesburg
46.5%
1,710,000Bangkok
46.4%
1,290,000Baltimore
46.2%
1,580,000Cleveland
46.1%
1,370,000Lima
45.9%
970,000Kiev
45.5%
1,450,000Brussels
44.6%
1,620,000Santiago
44.4%
5,060,000Calcutta
44.2%
1,710,000Budapest
43.6%
1,400,000Tehran
43.6%
1,970,000Jakarta
43.4%
1,310,000Singapore
42.1%
2,280,000Birmingham
41.4%
1,230,000Copenhagen
41.2%
5,120,000Osaka
38.6%
1,700,000Hamburg
37.6%
1,780,000Glasgow
37.4%
1,290,000Havana
37.4%
1,380,000Liverpool
37.1%
1,620,000Naples
36.6%
1,180,000Minneapolis
36.3%
1,870,000Manila
36.2%
Population City % Correct
960,000Caracas
35.7%
980,000Cincinnati
35.6%
1,300,000Saigon
33.3%
980,000Buffalo
29.9%
1,420,000Karachi
27.9%
1,090,000Kyoto
27.5%
1,250,000Alexandria
27.2%
980,000Milwaukee
26.7%
1,150,000Turin
23.5%
1,680,000Canton
21.9%
1,700,000Leeds
21.7%
1,020,000Lahore
18.4%
1,250,000Montevideo
18.3%
1,700,000Madras
17.9%
940,000Bangalore
16.6%
1,440,000Rangoon
13.2%
1,180,000Hyderabad
12.2%
2,930,000Tianjin
10.1%
1,510,000Wuhan
9.8%
1,050,000Busan
9.4%
1,180,000Nanjing
9.2%
1,230,000Nagoya
8.6%
1,010,000Ahmedabad
7.2%
1,840,000Chongqing
7.1%
940,000Baku
7%
1,280,000Harbin
6.7%
2,450,000Shenyang
4.9%
1,150,000Fukuoka
4.3%
930,000Qingdao
4%
1,550,000Zibo
1.7%
1,120,000Tianmen
1.2%
1,040,000Xiantao
1.1%

You're not logged in!

Compare scores with friends on all Sporcle quizzes.
OR
Log In

You Might Also Like...

Show Comments

Extras

Top Quizzes Today


Score Distribution

Your Account Isn't Verified!

In order to create a playlist on Sporcle, you need to verify the email address you used during registration. Go to your Sporcle Settings to finish the process.

Report this User

Report this user for behavior that violates our Community Guidelines.

Details: